01620nam a2200277 i 450000100060000000300090000600500170001500700030003200800410003501600160007602000180009204000200011008000150013010000270014524502210017225001010039326000380049430000200053250505000055265000430105270000330109570000360112885200360116499900170120095201250121711613ES-MaACL20230906150134.0t|950718s1994 sp ||||0| spa d7 zSIC92021913 a84-7676-281-X aSIC bspa cSIC a343.1(460)1 aMajada, Arturo.97563910aPráctica procesal penal b: adaptada a la Ley Orgánica del Poder Judicial, a la de Enjuiciamiento Criminal y demás disposiciones penales y procesales complementarias : procedimiento abreviado / cArturo Majada. a5ª ed., reimp. bcon legislación actualizada por Luis Ribó Durán, Alejandro Ribó Bonet. aBarcelona : bBosch, cD.L. 1994. a4 v. ; c24 cm.8 av. 1. Disposiciones generales (arts. 779 al 785 de la Ley de enjuiciamiento criminal) -- v. 2. Disposiciones generales (arts. 785 al 789 de la Ley de enjuiciamiento criminal -- v. 3. Preparación del juicio oral (arts. 790 y 791 de la Ley de enjuiciamiento criminal). Juicio oral (arts. 792 al 793 de la Ley de enjuiciamiento criminal) -- v. 4. Juicio oral (arts. 793 al 797 de la Ley de enjuiciamiento criminal). Ejecución de sentencias (arts. 798 y 799 de la Ley de enjuiciamiento criminal)14aProcedimiento penal-zEspaña.9164291 aRibó Durán, Luis.9968301 aRibó Bonet, Alejandro.996829 aES-MaACLjL-18977-80 bR.125119 c11613d11613 00104070aATENEOMbATENEOMcDEPO2d2008-01-17eSCl0oL-18977-80p1011837r2023-02-23 00:00:00w2023-02-23yMONOGRAFIA